|
|
|
|
| LEADER |
00765nab#a2200301#ar4500 |
| 001 |
000081721 |
| 003 |
SVKKK |
| 005 |
20061201125332.0 |
| 008 |
050331c2006 xo e slo |
| FMT |
|
|
|
| 038 |
|
|
|a SVKKK
|
| 040 |
|
|
|a SVKKK
|b slo
|e AACR2
|
| 041 |
0 |
|
|a slo
|
| 044 |
|
|
|a xo
|c SK
|
| 080 |
|
|
|a 06.053-053.6
|2 1997
|
| 080 |
|
|
|a 281.94
|2 1997
|
| 100 |
1 |
|
|a Petrík, Ľubomír
|4 aut
|
| 245 |
1 |
0 |
|a Prešovský eparcha medzi mládežou
|c Ľubomír Petrík
|
| 611 |
2 |
4 |
|a Stretnutie gréckokatolíckej mládeže
|n (15. :
|d 2006 :
|c Bystrá, Slovensko)
|
| 773 |
0 |
|
|t Katolícke noviny
|x 0139-8512
|g Roč. 121, č. 34 (2006), s. 20
|
| 957 |
|
|
|a 711
|
| 958 |
|
|
|a NT
|
| 974 |
|
|
|a Čr
|
| 992 |
|
|
|a RBX
|
| BAS |
|
|
|
| 852 |
|
|
|a SVKKK
|b BIB
|
| EXP |
|
|
|
| 998 |
|
|
|a REG
|